[Event "XI Open A"]
[Site "Padova ITA"]
[Date "2008.12.13"]
[Round "1"]
[White "Carini, Massimo"]
[Black "Lodi, Paolo"]
[Result "1/2-1/2"]
[WhiteElo "2148"]
[BlackElo "1549"]
[PlyCount "73"]
[EventDate "2008.12.13"]

1. e4 e6 2. d4 d5 3. e5 c5 4. c3 Nc6 5. Nf3 Qb6 6. Be2 cxd4 7. cxd4 Bb4+ 8. Nc3
Nge7 9. a3 Bxc3+ 10. bxc3 Na5 11. Nd2 Qc7 12. Bb2 a6 13. O-O b5 14. Bd3 Ng6 15.
f4 Nc4 16. Nxc4 dxc4 17. Be4 Bb7 18. Bxb7 Qxb7 19. a4 Nh4 20. Qg4 Nf5 21. Ba3
Ne3 22. Qf3 Qxf3 23. Rxf3 Nd5 24. Bd6 Kd7 25. Ra3 g6 26. Kf2 h5 27. Ke2 Nb6 28.
a5 Nd5 29. g3 f5 30. h4 Rhc8 31. Kd2 Ra7 32. Bb4 Rb7 33. Ra1 Nxb4 34. cxb4 Kc6
35. Kc3 Rd7 36. Rd1 Rcd8 37. Rf2 1/2-1/2

[Event "XI Open A"]
[Site "Padova ITA"]
[Date "2008.12.13"]
[Round "1"]
[White "Castellano, Alfonso"]
[Black "Naumkin, Igor"]
[Result "0-1"]
[WhiteElo "1967"]
[BlackElo "2506"]
[PlyCount "44"]
[EventDate "2008.12.13"]

1. c4 e5 2. Nc3 Nf6 3. g3 Bb4 4. Qc2 O-O 5. Bg2 c6 6. Nf3 Re8 7. O-O d5 8. d3
h6 9. a3 Bxc3 10. Qxc3 d4 11. Qc2 a5 12. b3 c5 13. Ne1 Nc6 14. Bd2 Bf5 15. e4
dxe3 16. fxe3 Qd7 17. Bc3 Bh3 18. Rd1 Rad8 19. Nf3 Bxg2 20. Qxg2 Ng4 21. Rfe1
e4 22. dxe4 Qxd1 0-1

[Event "XI Open A"]
[Site "Padova ITA"]
[Date "2008.12.13"]
[Round "1"]
[White "De Santis, Alessio"]
[Black "Gubellini, Luciano"]
[Result "1-0"]
[WhiteElo "2263"]
[BlackElo "1640"]
[PlyCount "47"]
[EventDate "2008.12.13"]

1. d4 Nf6 2. c4 c5 3. d5 b5 4. cxb5 a6 5. f3 axb5 6. e4 Ba6 7. e5 Ng8 8. f4 g6
9. Nf3 Bg7 10. Nc3 d6 11. Bxb5+ Bxb5 12. Nxb5 Qa5+ 13. Nc3 dxe5 14. fxe5 Nd7
15. Qe2 Nh6 16. Bxh6 Bxh6 17. O-O O-O 18. e6 Nb6 19. exf7+ Rxf7 20. Qe6 Nc4 21.
d6 Ne3 22. Ne5 Nxf1 23. Qxf7+ Kh8 24. dxe7 1-0

[Event "XI Open A"]
[Site "Padova ITA"]
[Date "2008.12.13"]
[Round "1"]
[White "Fortunato, Lorenzo"]
[Black "Palumbo, Giuseppe"]
[Result "1-0"]
[WhiteElo "1443"]
[BlackElo "1978"]
[PlyCount "73"]
[EventDate "2008.12.13"]

1. e4 c5 2. Nc3 d6 3. g3 Nc6 4. Bg2 Nf6 5. d3 e6 6. Nge2 Be7 7. O-O a6 8. Bd2
Qc7 9. h3 b5 10. a3 Bb7 11. Nf4 O-O 12. Nh5 Nxh5 13. Qxh5 g6 14. Qg4 Kg7 15. f4
h5 16. Qd1 Nd4 17. Ne2 Nxe2+ 18. Qxe2 f5 19. g4 hxg4 20. hxg4 Rae8 21. gxf5
exf5 22. Rf3 Bf6 23. c3 fxe4 24. Rg3 d5 25. Qh5 Qf7 26. f5 g5 27. Qg4 Rg8 28.
Re1 exd3 29. Rxe8 Rxe8 30. Bxg5 Re1+ 31. Kf2 Re2+ 32. Kf1 Qe8 33. Bxf6+ Kxf6
34. Qg5+ Ke5 35. Re3+ Kd6 36. Rxe8 Rxe8 37. Qg3+ 1-0

[Event "XI Open A"]
[Site "Padova ITA"]
[Date "2008.12.13"]
[Round "1"]
[White "Gallo, Enrico"]
[Black "Topollaj, Mark"]
[Result "1-0"]
[WhiteElo "2063"]
[BlackElo "1461"]
[PlyCount "77"]
[EventDate "2008.12.13"]

1. e4 e6 2. d4 d5 3. Nd2 Nd7 4. e5 c5 5. c3 cxd4 6. cxd4 Bb4 7. a3 Ba5 8. Bd3
Ne7 9. Ne2 O-O 10. O-O f5 11. Nf4 Nb8 12. Nf3 Nbc6 13. Be3 h6 14. h4 Bb6 15.
Rc1 Bd7 16. b4 a6 17. Bb1 Qe8 18. h5 Rc8 19. Qd2 Na7 20. Rxc8 Nexc8 21. Rc1 Ne7
22. g3 Nac6 23. Kg2 Nd8 24. Nh4 Nf7 25. Nfg6 Nxg6 26. Nxg6 Nh8 27. Nxf8 Kxf8
28. Rh1 Qe7 29. Bd3 Bc6 30. Rc1 Nf7 31. Bxa6 Qd7 32. b5 Bxb5 33. Qb4+ Kg8 34.
Bxb5 Qd8 35. Bd7 Ba5 36. Qxb7 Qe7 37. Qa8+ Bd8 38. Qc6 Kh7 39. Bxe6 1-0

[Event "XI Open A"]
[Site "Padova ITA"]
[Date "2008.12.13"]
[Round "1"]
[White "Kizov, Atanas"]
[Black "Belloni, Umberto"]
[Result "1-0"]
[WhiteElo "2439"]
[BlackElo "1872"]
[PlyCount "93"]
[EventDate "2008.12.13"]

1. d4 d5 2. c4 c6 3. cxd5 cxd5 4. Bf4 e6 5. Nc3 Bd6 6. Bxd6 Qxd6 7. e3 Nc6 8.
Bd3 f5 9. f4 Nf6 10. Nf3 Qe7 11. O-O O-O 12. Rc1 Ne4 13. Bxe4 fxe4 14. Ne5 Nxe5
15. dxe5 Bd7 16. Qb3 a6 17. Rf2 Rfc8 18. Qxb7 Rab8 19. Qa7 Ra8 20. Qd4 Rc4 21.
Qd2 Rac8 22. Ne2 Rxc1+ 23. Nxc1 Qc5 24. Nb3 Qc4 25. h3 g6 26. Rf1 Qd3 27. Qxd3
exd3 28. Rd1 Rc2 29. Rd2 Bb5 30. Kf2 a5 31. g4 Bc4 32. Rxc2 dxc2 33. Nc1 h5 34.
Kg3 hxg4 35. hxg4 Kf7 36. g5 Ke8 37. Kf2 Kd7 38. Ke1 Kc6 39. Kd2 d4 40. exd4
Kd5 41. Ke3 a4 42. b3 axb3 43. axb3 Bf1 44. Na2 Kc6 45. Nb4+ Kb5 46. Nxc2 Bg2
47. Kd3 1-0

[Event "XI Open A"]
[Site "Padova ITA"]
[Date "2008.12.13"]
[Round "1"]
[White "Lazic, Miroljub"]
[Black "Demiraj, Rumi"]
[Result "1-0"]
[WhiteElo "2472"]
[BlackElo "1961"]
[PlyCount "58"]
[EventDate "2008.12.13"]

1. e4 e6 2. d3 d5 3. Nd2 c5 4. g3 b6 5. Bg2 Bb7 6. Ngf3 Nd7 7. O-O dxe4 8. dxe4
Be7 9. Qe2 e5 10. Nc4 Qc7 11. a4 a6 12. Rd1 Ngf6 13. Bg5 O-O 14. Rxd7 Qxd7 15.
Nxb6 Qe6 16. Nxa8 Rxa8 17. Nd2 h6 18. Be3 Rc8 19. b3 Kf8 20. f3 Ne8 21. Nc4 Rd8
22. Qf2 Nd6 23. Bf1 Nxc4 24. Bxc4 Qd6 25. h4 Bc8 26. Re1 Kg8 27. Re2 Qb6 28.
Rd2 Rxd2 29. Qxd2 Qg6 1-0

[Event "XI Open A"]
[Site "Padova ITA"]
[Date "2008.12.13"]
[Round "1"]
[White "Litrico, Paolo"]
[Black "Laketic, Gojko"]
[Result "1/2-1/2"]
[WhiteElo "1913"]
[BlackElo "2451"]
[PlyCount "121"]
[EventDate "2008.12.13"]

1. d4 d6 2. e4 Nf6 3. Nc3 e5 4. Nf3 Nbd7 5. g4 c6 6. g5 Nh5 7. Be3 g6 8. Qd2
Bg7 9. O-O-O Qe7 10. Be2 O-O 11. dxe5 dxe5 12. Rdg1 Nc5 13. h4 Be6 14. Nh2 Rfd8
15. Qe1 Nf4 16. Ng4 Bxg4 17. Rxg4 b5 18. f3 Nh5 19. Qf2 Ne6 20. Bd1 Rd7 21. Ne2
Rad8 22. Ng3 Nef4 23. Nxh5 Nxh5 24. Be2 Nf4 25. Qh2 Qe6 26. Kb1 Rd2 27. Bxd2
Rxd2 28. Rg2 Nxg2 29. Qxg2 Qc4 30. Bxc4 Rxg2 31. Bf1 Rf2 32. Bh3 Rxf3 33. Bd7
b4 34. Bxc6 Bf8 35. Kc1 Bc5 36. Kd1 Bd4 37. b3 Rf2 38. Bb5 Be3 39. Bd3 Kg7 40.
Ke1 Rd2 41. Rh3 Bf4 42. Rh1 f6 43. gxf6+ Kxf6 44. Rh3 h5 45. Rh1 a5 46. Rh3 Rg2
47. Kf1 Rg3 48. Rh1 Be3 49. Ke2 g5 50. Rf1+ Bf4 51. hxg5+ Rxg5 52. Rh1 Kg7 53.
Kf3 Kh6 54. Bc4 Rg7 55. Bd3 Rf7 56. Bc4 Rf6 57. Kg2 Kg5 58. Kh3 Kh6 59. Kg2
Rg6+ 60. Kf3 Rf6 61. Kg2 1/2-1/2

[Event "XI Open A"]
[Site "Padova ITA"]
[Date "2008.12.13"]
[Round "1"]
[White "Menin, Massimo"]
[Black "Barletta, Mauro"]
[Result "0-1"]
[WhiteElo "1583"]
[BlackElo "2232"]
[PlyCount "48"]
[EventDate "2008.12.13"]

1. e4 c6 2. d4 d5 3. exd5 cxd5 4. Bf4 Nc6 5. h3 Qb6 6. Qc1 Qxd4 7. Be3 Qb4+ 8.
Bd2 Qd6 9. Nc3 e5 10. Bb5 Nf6 11. Nf3 Be7 12. O-O O-O 13. Bg5 e4 14. Nd2 Qe5
15. Bxf6 Bxf6 16. Ba4 Be6 17. Nd1 Bg5 18. Bb3 Qd4 19. Ne3 Bxe3 20. fxe3 Qxe3+
21. Kh1 Rad8 22. Qd1 Bxh3 23. gxh3 Qxh3+ 24. Kg1 Rd6 0-1

[Event "XI Open A"]
[Site "Padova ITA"]
[Date "2008.12.13"]
[Round "1"]
[White "Mrdja, Milan"]
[Black "De Marchi, Alessandro"]
[Result "1-0"]
[WhiteElo "2401"]
[BlackElo "1675"]
[PlyCount "56"]
[EventDate "2008.12.13"]

1. e4 c5 2. Nf3 d6 3. d4 cxd4 4. Qxd4 Nc6 5. Bb5 a6 6. Bxc6+ bxc6 7. c4 e5 8.
Qd3 h6 9. Nc3 Nf6 10. O-O Be7 11. c5 Qc7 12. cxd6 Qxd6 13. Qc2 O-O 14. Rd1 Qb8
15. h3 Be6 16. b3 Nh7 17. Na4 Qb5 18. Be3 Rab8 19. Bc5 Bxc5 20. Nxc5 Rfe8 21.
Nxe5 Bxb3 22. axb3 Rxe5 23. Nd7 Ree8 24. Nxb8 Rxb8 25. Rd3 Nf6 26. Rad1 Qb6 27.
Rc3 Rc8 28. e5 Ne8 1-0

[Event "XI Open A"]
[Site "Padova ITA"]
[Date "2008.12.13"]
[Round "1"]
[White "Saponara, Nicola"]
[Black "Marholev, Dimitar"]
[Result "0-1"]
[WhiteElo "1838"]
[BlackElo "2421"]
[PlyCount "44"]
[EventDate "2008.12.13"]

1. e4 e5 2. Nf3 Nc6 3. Bc4 Nf6 4. Ng5 d5 5. exd5 Na5 6. Bb5+ Bd7 7. Qe2 Be7 8.
Nc3 O-O 9. Bd3 h6 10. Nge4 Nxe4 11. Qxe4 f5 12. Qe2 e4 13. Bc4 Nxc4 14. Qxc4
Bd6 15. d3 exd3 16. Qxd3 Re8+ 17. Kd1 Qh4 18. g3 Qh5+ 19. Ne2 f4 20. Bxf4 Bxf4
21. gxf4 Rxe2 22. Kc1 Bf5 0-1

[Event "XI Open A"]
[Site "Padova ITA"]
[Date "2008.12.13"]
[Round "1"]
[White "Zaja, Ivan"]
[Black "Isatto, Davide"]
[Result "1-0"]
[WhiteElo "2461"]
[BlackElo "1943"]
[PlyCount "43"]
[EventDate "2008.12.13"]

1. d4 d5 2. c4 e5 3. dxe5 d4 4. Nf3 Nc6 5. g3 Bc5 6. Bg2 Nge7 7. O-O O-O 8.
Nbd2 Rb8 9. Ne4 b6 10. Bg5 h6 11. Nf6+ gxf6 12. Bxf6 Qd7 13. Qd2 Qf5 14. Nh4
Qh7 15. a3 a5 16. Qf4 Bd7 17. Be4 Ng6 18. Nxg6 fxg6 19. Bd5+ Rf7 20. e6 Rxf6
21. Qxf6 Be7 22. exd7+ 1-0

[Event "XI Open A"]
[Site "Padova ITA"]
[Date "2008.12.13"]
[Round "1"]
[White "Zanini, Andrea"]
[Black "Dragojlovic, Andjelko"]
[Result "0-1"]
[WhiteElo "1674"]
[BlackElo "2393"]
[PlyCount "76"]
[EventDate "2008.12.13"]

1. d4 Nf6 2. Nf3 g6 3. Nbd2 Bg7 4. c4 O-O 5. b3 c5 6. e3 cxd4 7. exd4 d5 8. Bb2
Nc6 9. Be2 Nh5 10. g3 Nf6 11. O-O b6 12. Re1 Bb7 13. Bd3 Rc8 14. Ne5 dxc4 15.
Nxc6 Bxc6 16. bxc4 e6 17. Ne4 Nxe4 18. Bxe4 Bxe4 19. Rxe4 Rxc4 20. Qd3 Qd5 21.
Rd1 Rfc8 22. Ree1 Rc2 23. Re2 Rxe2 24. Qxe2 Qxa2 25. Ra1 Qc4 26. Qe3 a5 27. Rc1
Qa6 28. Qg5 h6 29. Qe7 Rxc1+ 30. Bxc1 Qc8 31. Be3 b5 32. Qc5 Qxc5 33. dxc5 Kf8
34. Bd2 a4 35. Bb4 Bb2 36. c6+ Ke8 37. Bf8 a3 38. c7 Kd7 0-1

[Event "XI Open A"]
[Site "Padova ITA"]
[Date "2008.12.13"]
[Round "1"]
[White "Zordan, Antonio"]
[Black "Quaranta, Cristiano"]
[Result "0-1"]
[WhiteElo "1488"]
[BlackElo "2136"]
[PlyCount "52"]
[EventDate "2008.12.13"]

1. c4 e5 2. Nc3 Nc6 3. g3 f5 4. Bg2 Nf6 5. d3 Bb4 6. Bd2 d6 7. Nd5 Bxd2+ 8.
Qxd2 O-O 9. e3 Ne7 10. Nc3 c6 11. Nge2 Qe8 12. O-O Qh5 13. f4 Kh8 14. b4 Rg8
15. b5 g5 16. fxe5 Ng4 17. h3 Nxe5 18. bxc6 bxc6 19. Kh2 Bd7 20. Rab1 f4 21.
exf4 gxf4 22. Qxf4 Raf8 23. Qd4 Nf5 24. Qxa7 Ra8 25. Qg1 Rxg3 26. Nxg3 Ng4+ 0-1

[Event "XI Open A"]
[Site "Padova ITA"]
[Date "2008.12.14"]
[Round "2"]
[White "Barletta, Mauro"]
[Black "Zaja, Ivan"]
[Result "0-1"]
[WhiteElo "2232"]
[BlackElo "2461"]
[PlyCount "94"]
[EventDate "2008.12.13"]

1. e4 d6 2. d4 Nf6 3. Nc3 g6 4. f4 Bg7 5. e5 Nfd7 6. Nf3 c5 7. Ng5 h6 8. Nxf7
Kxf7 9. e6+ Kf8 10. exd7 Nxd7 11. dxc5 Nxc5 12. Be3 Qa5 13. Bd4 Qb4 14. Bxg7+
Kxg7 15. Qe2 Rf8 16. O-O-O Qxf4+ 17. Kb1 Bg4 18. Qxe7+ Rf7 19. Qxd6 Bxd1 20.
Qxc5 Bg4 21. Bd3 Re8 22. a3 b6 23. Qc6 Re6 24. Qb5 Re5 25. Qc6 Be6 26. Rd1 Rd7
27. Rc1 Qf6 28. Qa8 Bf7 29. Qc8 Qe7 30. Bb5 Rc7 31. Qh3 Re3 32. Qg4 Qe5 33. Bd3
h5 34. Qb4 Re1 35. Nb5 Re7 36. c4 Rxc1+ 37. Kxc1 Rd7 38. Kc2 Qxh2 39. Qc3+ Kh7
40. Qd2 Qe5 41. Nc3 Be6 42. Qf2 Bf5 43. Bxf5 Qxf5+ 44. Qxf5 gxf5 45. Nd5 Rg7
46. Nf4 Rg4 47. Nxh5 Kg6 0-1

[Event "XI Open A"]
[Site "Padova ITA"]
[Date "2008.12.14"]
[Round "2"]
[White "Belloni, Umberto"]
[Black "Zordan, Antonio"]
[Result "1/2-1/2"]
[WhiteElo "1872"]
[BlackElo "1488"]
[PlyCount "122"]
[EventDate "2008.12.13"]

1. d4 Nf6 2. c3 g6 3. Bg5 Bg7 4. e3 d6 5. Bd3 Nbd7 6. Nd2 c5 7. dxc5 Nxc5 8.
Bc2 Be6 9. Ngf3 O-O 10. Bxf6 Bxf6 11. O-O Rc8 12. Nd4 Bd5 13. Re1 Ne6 14. N2f3
Nxd4 15. Nxd4 Bc6 16. a4 Qb6 17. Qb1 Qc5 18. Be4 Bxe4 19. Qxe4 Qb6 20. Re2 Rc4
21. Qd5 Rc5 22. Qb3 Qxb3 23. Nxb3 Rc7 24. Nd4 a6 25. Kf1 Rb8 26. Nc2 d5 27. e4
dxe4 28. Rxe4 Rd8 29. Nd4 e6 30. Nf3 Rc5 31. Rae1 Rd6 32. Rb4 Rd7 33. Ke2 Kf8
34. Rd1 Rxd1 35. Kxd1 Rc7 36. Re4 Rc5 37. Kc2 Ke7 38. Rb4 Rc7 39. Nd2 Kd8 40.
Ne4 Be7 41. Rd4+ Rd7 42. Kd3 f5 43. Nd2 e5 44. Rxd7+ Kxd7 45. f3 Kc6 46. Nc4
Kd5 47. Ne3+ Kc6 48. b4 b5 49. axb5+ axb5 50. Nc2 Bd6 51. h3 Kd5 52. Na3 Kc6
53. g4 Be7 54. gxf5 gxf5 55. Nc2 Bg5 56. c4 h5 57. c5 Kd5 58. Ne3+ Bxe3 59.
Kxe3 h4 60. Kd3 Kc6 61. f4 e4+ 1/2-1/2

[Event "XI Open A"]
[Site "Padova ITA"]
[Date "2008.12.14"]
[Round "2"]
[White "De Marchi, Alessandro"]
[Black "Castellano, Alfonso"]
[Result "0-1"]
[WhiteElo "1675"]
[BlackElo "1967"]
[PlyCount "50"]
[EventDate "2008.12.13"]

1. e4 c5 2. Nf3 d6 3. d4 cxd4 4. Nxd4 Nf6 5. Nc3 a6 6. Bg5 e6 7. f4 Be7 8. Qf3
Qc7 9. O-O-O Nbd7 10. g4 b5 11. Bxf6 Nxf6 12. g5 Nd7 13. Qh5 Nb6 14. Bg2 O-O
15. f5 e5 16. Nb3 b4 17. Nd5 Nxd5 18. Rxd5 Bb7 19. Rd3 Rfc8 20. Na1 Qc4 21. Kb1
Bxe4 22. Bxe4 Qxe4 23. Rf1 Rxc2 24. Nxc2 Qxd3 25. Rd1 Qxf5 0-1

[Event "XI Open A"]
[Site "Padova ITA"]
[Date "2008.12.14"]
[Round "2"]
[White "Demiraj, Rumi"]
[Black "Zanini, Andrea"]
[Result "1-0"]
[WhiteElo "1961"]
[BlackElo "1674"]
[PlyCount "91"]
[EventDate "2008.12.13"]

1. d4 d5 2. c4 dxc4 3. Nf3 Nf6 4. e3 Be6 5. Nc3 c6 6. a4 Bg4 7. Bxc4 e6 8. O-O
Qc7 9. h3 Bh5 10. Be2 Be7 11. Ne5 Bxe2 12. Qxe2 Nbd7 13. f4 Nxe5 14. fxe5 Nd5
15. e4 Nxc3 16. bxc3 Rd8 17. Qg4 g6 18. Bh6 Bf8 19. Bxf8 Rxf8 20. Rf2 Rd7 21.
Raf1 Re7 22. Qe2 a6 23. Qc4 b5 24. Qc5 h5 25. Ra1 a5 26. axb5 cxb5 27. Qxb5+
Rd7 28. Qxa5 Qc4 29. Rb2 Qc6 30. Qa8+ Qxa8 31. Rxa8+ Ke7 32. Rxf8 Kxf8 33. Kf2
Rc7 34. Rc2 Rc4 35. Ke3 Ke7 36. Kd3 Rc7 37. d5 exd5 38. exd5 Kd7 39. Kd4 Ra7
40. c4 Ra4 41. Kc5 g5 42. Kb5 Ra3 43. c5 Rb3+ 44. Ka4 Rd3 45. c6+ Kc8 46. d6
1-0

[Event "XI Open A"]
[Site "Padova ITA"]
[Date "2008.12.14"]
[Round "2"]
[White "Dragojlovic, Andjelko"]
[Black "Lazic, Miroljub"]
[Result "1/2-1/2"]
[WhiteElo "2393"]
[BlackElo "2472"]
[PlyCount "22"]
[EventDate "2008.12.13"]

1. e4 g6 2. d4 Bg7 3. Bc4 d6 4. Nf3 Nf6 5. Qe2 c6 6. e5 Nd5 7. Nc3 O-O 8. O-O
Nxc3 9. bxc3 Bg4 10. exd6 exd6 11. Re1 Nd7 1/2-1/2

[Event "XI Open A"]
[Site "Padova ITA"]
[Date "2008.12.14"]
[Round "2"]
[White "Gubellini, Luciano"]
[Black "Boscolo, Federico"]
[Result "0-1"]
[WhiteElo "1640"]
[BlackElo "1952"]
[PlyCount "99"]
[EventDate "2008.12.13"]

1. d4 d5 2. Nf3 Nf6 3. e3 e6 4. Bd3 Bd6 5. Nbd2 c5 6. c3 Nc6 7. O-O O-O 8. Re1
e5 9. e4 Bg4 10. exd5 Nxd5 11. Qc2 h6 12. dxe5 Bc7 13. h3 Bh5 14. Be4 Re8 15.
Nc4 Nb6 16. Nd6 Bxd6 17. exd6 Bxf3 18. gxf3 Qxd6 19. Be3 Ne5 20. Rad1 Qc7 21.
b3 Re6 22. Kh1 Rf6 23. Qe2 Re8 24. Rg1 Ng6 25. Rg3 Qe5 26. Rdg1 Nd5 27. Qd2
Nxc3 28. Bxg6 fxg6 29. Rxg6 Rxg6 30. Rxg6 Qf5 31. Rg3 Nd5 32. Bxh6 Re7 33. Kg2
Rd7 34. Qe2 Kh7 35. Bg5 Rf7 36. Qe4 Nc3 37. Qh4+ Kg8 38. Qc4 Nxa2 39. f4 Nb4
40. Re3 Nd5 41. Re5 Nxf4+ 42. Bxf4 Qxf4 43. Qxf4 Rxf4 44. Rxc5 Rb4 45. Rc3 Kh7
46. Kg3 g5 47. h4 gxh4+ 48. Kh3 Kg6 49. Rc4 Rxc4 50. bxc4 0-1

[Event "XI Open A"]
[Site "Padova ITA"]
[Date "2008.12.14"]
[Round "2"]
[White "Isatto, Davide"]
[Black "Menin, Massimo"]
[Result "1-0"]
[WhiteElo "1943"]
[BlackElo "1583"]
[PlyCount "79"]
[EventDate "2008.12.13"]

1. d4 Nf6 2. c4 c5 3. Nf3 e6 4. g3 b6 5. d5 exd5 6. cxd5 d6 7. Nc3 g6 8. Bg2
Bg7 9. O-O O-O 10. Re1 Re8 11. Nd2 a6 12. a4 Bb7 13. Nc4 Qc7 14. Bf4 Bf8 15. e4
Nbd7 16. Bg5 Bg7 17. f4 h6 18. Bh4 Nh7 19. Qd2 f6 20. g4 g5 21. Bg3 gxf4 22.
Bxf4 Ne5 23. Nxe5 fxe5 24. Bxh6 Rf8 25. Rf1 Qe7 26. Be3 Bc8 27. h3 Bd7 28.
Rxf8+ Rxf8 29. Bf1 a5 30. Ne2 Qh4 31. Kg2 Bxg4 32. hxg4 Qxg4+ 33. Ng3 Rf3 34.
Qe1 Rf8 35. Be2 Qg6 36. Ra3 Bh6 37. Bxh6 Qxh6 38. Nf5 Rxf5 39. exf5 Qf4 40.
Qg3+ 1-0

[Event "XI Open A"]
[Site "Padova ITA"]
[Date "2008.12.14"]
[Round "2"]
[White "Laketic, Gojko"]
[Black "Carini, Massimo"]
[Result "1-0"]
[WhiteElo "2451"]
[BlackElo "2148"]
[PlyCount "41"]
[EventDate "2008.12.13"]

1. d4 d5 2. c4 c6 3. Nf3 Nf6 4. Nc3 a6 5. e3 Bf5 6. Qb3 b6 7. Be2 e6 8. O-O Bd6
9. Bd2 O-O 10. Rfd1 dxc4 11. Bxc4 b5 12. Be2 Nbd7 13. a4 b4 14. Na2 a5 15. h3
Ne4 16. Be1 Qe7 17. Nc1 e5 18. Nd3 Ng5 19. Ndxe5 Bxe5 20. Nxe5 Nxe5 21. dxe5
1-0

[Event "XI Open A"]
[Site "Padova ITA"]
[Date "2008.12.14"]
[Round "2"]
[White "Lodi, Paolo"]
[Black "Litrico, Paolo"]
[Result "0-1"]
[WhiteElo "1549"]
[BlackElo "1913"]
[PlyCount "90"]
[EventDate "2008.12.13"]

1. c4 f5 2. Nc3 Nf6 3. d3 g6 4. g3 Bg7 5. Bg2 O-O 6. Bf4 h6 7. Nf3 g5 8. Bd2 d6
9. Qc1 e5 10. h4 g4 11. Nxe5 dxe5 12. Bxh6 c6 13. Qg5 Qe7 14. f4 exf4 15. Bxg7
Qxg7 16. Qxf4 Nh5 17. Qg5 Qxg5 18. hxg5 Nxg3 19. Rh6 Na6 20. Kf2 f4 21. Ne4
Nxe4+ 22. Bxe4 Bf5 23. Bxf5 Rxf5 24. Rah1 Rb8 25. Rh8+ Kg7 26. R8h7+ Kg6 27.
R7h6+ Kf7 28. Rh7+ Ke6 29. R1h6+ Ke5 30. Re7+ Kd4 31. Rd6+ Kc5 32. Rg6 Nb4 33.
a3 Nc2 34. b4+ Kd4 35. Rgg7 Nxa3 36. g6 Rg5 37. Re4+ Kc3 38. Rxf4 g3+ 39. Kg2
Nc2 40. Rf6 Ne3+ 41. Kg1 g2 42. Rgf7 Rg8 43. Rxb7 R8xg6 44. Rxg6 Rxg6 45. Rxa7
Rf6 0-1

[Event "XI Open A"]
[Site "Padova ITA"]
[Date "2008.12.14"]
[Round "2"]
[White "Marholev, Dimitar"]
[Black "Fortunato, Lorenzo"]
[Result "1-0"]
[WhiteElo "2421"]
[BlackElo "1443"]
[PlyCount "77"]
[EventDate "2008.12.13"]

1. e4 g6 2. h4 h6 3. h5 g5 4. d4 Bg7 5. c3 d6 6. Be3 Nd7 7. f3 a6 8. a4 b6 9.
Nd2 e6 10. Bd3 Bb7 11. Ne2 Ne7 12. O-O O-O 13. f4 f6 14. Ng3 c5 15. fxg5 fxg5
16. Qg4 e5 17. Qe6+ Kh8 18. Qxd6 exd4 19. cxd4 Rc8 20. Rxf8+ Bxf8 21. Qe6 Rc6
22. Qb3 Bg7 23. d5 Rd6 24. Nc4 Rf6 25. e5 Rf8 26. d6 Nd5 27. e6 Ne5 28. e7 Nxe7
29. dxe7 Qxe7 30. Nxe5 Qxe5 31. Nf1 Bd5 32. Qc3 Qe6 33. Qd2 c4 34. Bg6 b5 35.
axb5 axb5 36. Bd4 Bxg2 37. Bxg7+ Kxg7 38. Ra7+ Kh8 39. Qd4+ 1-0

[Event "XI Open A"]
[Site "Padova ITA"]
[Date "2008.12.14"]
[Round "2"]
[White "Mazzella, Riccardo"]
[Black "Mrdja, Milan"]
[Result "0-1"]
[WhiteElo "1350"]
[BlackElo "2401"]
[PlyCount "74"]
[EventDate "2008.12.13"]

1. d4 g6 2. c4 Bg7 3. Nc3 c5 4. Nf3 cxd4 5. Nxd4 Nc6 6. e3 Nf6 7. Be2 O-O 8.
O-O Nxd4 9. exd4 d5 10. Be3 dxc4 11. Bxc4 Ng4 12. Bf4 Qxd4 13. Qxd4 Bxd4 14. h3
Be5 15. Bxe5 Nxe5 16. Bb3 Rd8 17. Nd5 Kf8 18. Rad1 Be6 19. f4 Nc6 20. Ne3 Bxb3
21. Rxd8+ Rxd8 22. axb3 Rd3 23. Ng4 Rxb3 24. Rf2 f5 25. Ne5 Nxe5 26. fxe5 Re3
27. g4 Rxe5 28. h4 Kf7 29. h5 Kf6 30. hxg6 hxg6 31. gxf5 gxf5 32. Rc2 a5 33.
Rc7 Rb5 34. Rc2 Rb3 35. Kf2 b5 36. Rc6+ Kg5 37. Re6 Rxb2+ 0-1

[Event "XI Open A"]
[Site "Padova ITA"]
[Date "2008.12.14"]
[Round "2"]
[White "Naumkin, Igor"]
[Black "De Santis, Alessio"]
[Result "1-0"]
[WhiteElo "2506"]
[BlackElo "2263"]
[PlyCount "57"]
[EventDate "2008.12.13"]

1. d4 Nf6 2. c4 e6 3. Nf3 b6 4. g3 Bb7 5. Bg2 Be7 6. Nc3 Ne4 7. Bd2 O-O 8. d5
Nxd2 9. Nxd2 e5 10. O-O d6 11. f4 exf4 12. gxf4 Nd7 13. Nde4 a6 14. Kh1 Nf6 15.
Nf2 Re8 16. e4 Nd7 17. Rg1 Bf6 18. Qd2 g6 19. Bh3 Bc8 20. Raf1 Bg7 21. Bxd7
Bxd7 22. f5 b5 23. Ng4 Qh4 24. Rf4 bxc4 25. Rgf1 Qh5 26. Qg2 g5 27. R4f3 f6 28.
h4 gxh4 29. Nxf6+ 1-0

[Event "XI Open A"]
[Site "Padova ITA"]
[Date "2008.12.14"]
[Round "2"]
[White "Palumbo, Giuseppe"]
[Black "Saponara, Nicola"]
[Result "1-0"]
[WhiteElo "1978"]
[BlackElo "1838"]
[PlyCount "68"]
[EventDate "2008.12.13"]

1. e4 c5 2. Nf3 d6 3. d4 cxd4 4. Nxd4 Nf6 5. Nc3 g6 6. Be3 Bg7 7. Qd2 Ng4 8.
Bg5 Qb6 9. Nb3 Be6 10. f3 Nf6 11. Be3 Qd8 12. Nd4 Bd7 13. g4 Nc6 14. h4 Rc8 15.
O-O-O Ne5 16. Bh6 Rg8 17. Bxg7 Rxg7 18. Qh6 Kf8 19. Be2 Qa5 20. Qd2 a6 21. Kb1
b5 22. Nb3 Qb6 23. g5 Nh5 24. Nd5 Qa7 25. Rhg1 Be6 26. Na5 Qa8 27. Nb6 Qb8 28.
Nxc8 Qxc8 29. f4 Nc4 30. Nxc4 bxc4 31. Bxh5 gxh5 32. f5 Bd7 33. f6 exf6 34.
Qxd6+ Ke8 1-0

[Event "XI Open A"]
[Site "Padova ITA"]
[Date "2008.12.14"]
[Round "2"]
[White "Quaranta, Cristiano"]
[Black "Kizov, Atanas"]
[Result "1/2-1/2"]
[WhiteElo "2136"]
[BlackElo "2439"]
[PlyCount "26"]
[EventDate "2008.12.13"]

1. d4 d5 2. Nf3 c5 3. c4 dxc4 4. e3 cxd4 5. Bxc4 Qc7 6. Bb3 dxe3 7. Bxe3 e6 8.
Nc3 Bd7 9. O-O Nf6 10. Rc1 Qa5 11. Nd2 Qh5 12. Nc4 Qxd1 13. Rfxd1 Be7 1/2-1/2

[Event "XI Open A"]
[Site "Padova ITA"]
[Date "2008.12.14"]
[Round "2"]
[White "Salvador, Roland"]
[Black "Gallo, Enrico"]
[Result "1-0"]
[WhiteElo "2464"]
[BlackElo "2063"]
[PlyCount "103"]
[EventDate "2008.12.13"]

1. d4 Nf6 2. Nf3 d5 3. c4 c6 4. e3 Bg4 5. cxd5 Bxf3 6. Qxf3 Qxd5 7. Qh3 Nbd7 8.
Nc3 Qd6 9. Be2 g6 10. O-O Bg7 11. Rd1 O-O 12. e4 Qc7 13. e5 Nd5 14. Ne4 e6 15.
Bh6 Rfe8 16. Nd6 Re7 17. Bg4 Nf8 18. Qh4 f6 19. Bxg7 Kxg7 20. Bf3 Nd7 21. Bxd5
exd5 22. Rd3 Re6 23. Rh3 Nf8 24. f4 f5 25. g4 fxg4 26. Qxg4 Kh8 27. Kh1 Re7 28.
Rg1 Rg7 29. f5 gxf5 30. Qxf5 Qd7 31. Qf6 Qe7 32. Qf5 Rxg1+ 33. Kxg1 Qg7+ 34.
Kh1 Ng6 35. Nf7+ Kg8 36. Ng5 Rf8 37. Qe6+ Kh8 38. Qg4 Rf1+ 39. Kg2 Rf4 40. Qg3
Rxd4 41. Rxh7+ Qxh7 42. Nxh7 Nf4+ 43. Kf1 Kxh7 44. Qh4+ Kg8 45. Qd8+ Kf7 46.
Qf6+ Kg8 47. e6 Rd1+ 48. Kf2 Rd2+ 49. Kf3 Rd1 50. Qf7+ Kh8 51. e7 Rf1+ 52. Kg4
1-0

[Event "XI Open A"]
[Site "Padova ITA"]
[Date "2008.12.15"]
[Round "3"]
[White "Boscolo, Federico"]
[Black "Barletta, Mauro"]
[Result "1/2-1/2"]
[WhiteElo "1952"]
[BlackElo "2232"]
[PlyCount "100"]
[EventDate "2008.12.13"]

1. e4 c6 2. d4 d5 3. f3 e5 4. dxe5 Bc5 5. Nc3 Qb6 6. Na4 Bf2+ 7. Ke2 Qd4 8.
Qxd4 Bxd4 9. exd5 Bxe5 10. Kf2 cxd5 11. Bb5+ Nc6 12. Bd2 Be6 13. Ne2 Nge7 14.
Bb4 O-O-O 15. Bc5 b6 16. Bxe7 Nxe7 17. Rhd1 Kb7 18. Nac3 Nf5 19. Ba4 Bd6 20.
Nb5 Bc5+ 21. Nbd4 a6 22. c3 h5 23. Bc2 g5 24. Bxf5 Bxf5 25. b4 Bxd4+ 26. Rxd4
Be6 27. a4 Rc8 28. a5 g4 29. axb6 Kxb6 30. Rd3 Rc4 31. Nd4 Rhc8 32. Ra3 Bd7 33.
f4 Re8 34. Re3 Rxe3 35. Kxe3 Rc8 36. f5 Re8+ 37. Kf4 f6 38. Kg3 Re5 39. Kh4
Bxf5 40. Kxh5 Bc8+ 41. Kg6 f5 42. Ra5 f4 43. Rc5 Bb7 44. h4 gxh3 45. gxh3 Re3
46. h4 f3 47. Nxf3 Rxf3 48. h5 Bc6 49. h6 Rg3+ 50. Kf7 Rf3+ 1/2-1/2